Music Quiz

Random Music or Clickable Quiz
Score 0/10 Timer 01:00
0 Plays Today
% Correct
Abbey Road
98.8%
Let It Be
98.1%
A Hard Day's Night
97.6%
Sgt. Pepper's Lonely Hearts Club Band
97.6%
Help!
96.8%
Yellow Submarine
96.3%
Magical Mystery Tour
95.6%
Please Please Me
94.3%
Revolver
91.3%
Rubber Soul
88.4%
Remove Ads.
Support Sporcle.
Get the best of Sporcle when you Go Orange. This ad-free experience offers more features, more stats, and more fun while also helping to support Sporcle. Thank you for becoming a member.

You're not logged in!

Compare scores with friends on all Sporcle quizzes.
OR
Log In

Show Comments

Extras

Top Quizzes Today


Score Distribution

Your Account Isn't Verified!

In order to create a playlist on Sporcle, you need to verify the email address you used during registration. Go to your Sporcle Settings to finish the process.

Report this User

Report this user for behavior that violates our Community Guidelines.

Details: